CLASSICAL MECHANICS (Record no. 216943)
[ view plain ]
| 000 -LEADER | |
|---|---|
| fixed length control field | 00443nam a22001697a 4500 |
| 008 - FIXED-LENGTH DATA ELEMENTS--GENERAL INFORMATION | |
| fixed length control field | 260414b |||||||| |||| 00| 0 eng d |
| 020 ## - INTERNATIONAL STANDARD BOOK NUMBER | |
| International Standard Book Number | 978-81-203-2676-7 |
| 050 ## - LIBRARY OF CONGRESS CALL NUMBER | |
| Classification number | QA805 .R36 2025 |
| Item number | C.1 |
| 100 ## - MAIN ENTRY--PERSONAL NAME | |
| Personal name | Rao, k. sankara |
| 245 ## - TITLE STATEMENT | |
| Title | CLASSICAL MECHANICS |
| 260 ## - PUBLICATION, DISTRIBUTION, ETC. | |
| Place of publication, distribution, etc. | DELHI |
| Name of publisher, distributor, etc. | PHI LEARNING PRIVATE LIMITED |
| Date of publication, distribution, etc. | 2025 |
| 300 ## - PHYSICAL DESCRIPTION | |
| Extent | 399P |
| 500 ## - GENERAL NOTE | |
| General note | INCLUDES INDEX |
| 700 ## - ADDED ENTRY--PERSONAL NAME | |
| Personal name | RAO,K. SANKARA |
| 942 ## - ADDED ENTRY ELEMENTS (KOHA) | |
| Source of classification or shelving scheme | Library of Congress Classification |
| Koha item type | Long Loan Book |
| Withdrawn status | Lost status | Source of classification or shelving scheme | Damaged status | Not for loan | Collection | Home library | Current library | Date acquired | Inventory number | Total checkouts | Full call number | Barcode | Date last seen | Copy number | Price effective from | Koha item type |
|---|---|---|---|---|---|---|---|---|---|---|---|---|---|---|---|---|
| Library of Congress Classification | Science & Technology | Kisii University Library | Kisii University Library | 04/14/2026 | 112325 | QA805.R36 2025 | A001498 | 04/14/2026 | C.1 | 04/14/2026 | Long Loan Book | |||||
| Library of Congress Classification | Science & Technology | Kisii University Library | Kisii University Library | 04/14/2026 | 112326 | QA805.R36 2025 | A001497 | 04/14/2026 | C.2 | 04/14/2026 | Long Loan Book | |||||
| Library of Congress Classification | Science & Technology | Kisii University Library | Kisii University Library | 04/14/2026 | 112827 | QA805.R36 2025 | A001500 | 04/14/2026 | C.3 | 04/14/2026 | Long Loan Book | |||||
| Library of Congress Classification | Science & Technology | Kisii University Library | Kisii University Library | 04/14/2026 | 112829 | QA805.R36 2025 | A001499 | 04/14/2026 | C.4 | 04/14/2026 | Long Loan Book |